000 01869cam a2200517Ia 4500
001 88092
005 20230411090046.0
008 981102s1998 sp b 000 0 spa d
035 _a(OCoLC)ocm40249178
040 _aPL#
_bspa
_cPL#
_dPIF
_dEL$
_dOCL
_dBAKER
_dSZ9XM
_dYDXCP
_dBNM
020 _a8449305616
020 _a9788449305610
029 0 _aPL#
_b8449305616
035 _a(OCoLC)40249178
041 1 _aspa
_hger
043 _ae-gx---
090 _aD829.G3
_bJ37618 1998
049 _aGRAL
100 1 _aJaspers, Karl.
245 1 3 _aEl problema de la culpa :
_bsobre la responsabilidad política de Alemania /
_cKarl Jaspers ; introducciâon de Ernesto Garzón.
250 _a1a ed.
260 _aBarcelona ;
_aBuenos Aires ;
_aMéxico :
_bPaidós :
_bI.C.E. de la Universidad Autónoma de Barcelona,
_c1998.
300 _a133 p. ;
_c20 cm.
440 0 _aPensamiento Contemporáneo ;
_v52
500 _aTranslation of: Die schuldfrage, 1965, c1946.
504 _aIncludes bibliographical references.
650 0 _aReconstruction (1939-1951)
_zGermany.
650 0 _aGuilt.
651 0 _aGermany
_xHistory
_y1933-1945.
650 0 _aWorld War, 1939-1945
_zGermany.
650 0 _aWorld War, 1939-1945
_xCauses.
653 _aEuropa
_aHistoria
_aSiglo XX.
653 _aAlemania
_aHistoria
_aSiglo XX.
653 _aPolítica.
650 4 _aCulpa moral
650 7 _aNationalsozialistisches Verbrechen
_xKollektivschuld.
_2swd
650 7 _aKollektivschuld
_xNationalsozialistisches Verbrechen.
_2swd
650 7 _aâEtica polâitica
_zAlemania.
_2embne
700 1 _aGarzâon Valdés, Ernesto.
938 _aPuvill Libros
_bPUVL
_n8449305616
_c$11.39
938 _aYBP Library Services
_bYANK
_n2659590
938 _aBaker & Taylor
_bBKTY
_c20.95
_d20.95
_i8449305616
_n0006607710
_sactive
942 _2lcc
_cbk
994 _aC0
_bDRFGD
946 _a
999 _c111743
_d111743